000 00361nam a2200157Ia 4500
003 Ost
005 20260225132541.0
008 260225s9999||||xx |||||||||||||| ||und||
040 _cfsic
041 _afre
082 _a327
100 _aBernard Hadjadj
_eAuteur
245 0 _ales parias de la mondialisation /
245 0 _cBernard Hadjadj
942 _cكتاب
999 _c33516
_d33516